000 00848cab a2200253 4500
001 ABS47492
008 090401t1992 xxu||||| |||| 00| 0 eng d
035 _a(Sirsi) u62229
041 _aeng
100 _aNicholls, H.
245 4 _aThe peril of public inconvenience
260 _c1992
350 _a0
490 _aArchitect and Surveyor
_v67(10) November 1992, 16-17(2)
520 _aThis discussion on the law of nuisance considers the remedies available to those affected by building work and predicts an increase in claims under headings including environmental, personal injury, loss of amenities and disturbance of the environment.
650 _aCIVIL CLAIMS
650 _aDUTY OF CARE
650 _aLAW OF NUISANCE
650 _aLIABILITY
690 _aLAW
700 _aWillcock, A.
942 _n0
948 _c04/03/1997
999 _c38667
_d38667